000 00612nam a2200193Ii 4500
003 JO-AjNU
008 230605s9999||||xx |||||||||||||| ||und||
040 _aJO-AjNU
_bara
_erda
_cJO-AjNU
041 _aara
050 1 4 _aT58.6 2008
100 3 _aعبدالنبي ، محمد احمد,
_eauthor
_944141
245 0 0 _aنظم المعلومات الادارية
264 3 1 _aد.م : د.ن ، 1900
300 _a227ص
336 _atext
_btxt
_2rdacontent
337 _aunmediated
_bn
_2rdamedia
338 _avolume
_bnc
_2rdacarrier
650 4 _aنظم المعلومات الادارية -ادارة
_944142
999 _aA19034
_c22602
_d22602